Técnicas de investigación en la historia del arte

Sparad:
Bibliografiska uppgifter
Huvudupphovsman: Nessi, Angel Osvaldo (autor)
Materialtyp: Bok
Språk:spanska
Publicerad: Buenos Aires Nova 1968
Serie:Biblioteca Arte y Ciencia de la Expresión
Ämnen:
Taggar: Lägg till en tagg
Inga taggar, Lägg till första taggen!

MARC

LEADER 00000nam a2200000 a 4500
001 UCV7509
003 CL-VaPUC
008 880531e19680000AG |||||||||||||||||spa|d
082 0 4 |a 701.1  |b NES  |2 21 
100 |a Nessi, Angel Osvaldo  |e autor  |9 301633 
245 1 0 |a Técnicas de investigación en la historia del arte 
300 |a 177 p 
942 |c BK 
945 |d 19880531 00:00:00 
260 |a Buenos Aires  |b Nova  |c 1968 
650 7 |a CRITICISMO EN EL ARTE  |2 CL-VaPUC  |9 264958 
583 |a last modification  |c 19880531 00:00:00  |k Rodrigo Vera 
490 0 |a Biblioteca Arte y Ciencia de la Expresión 
999 |c 213170  |d 213168 
952 |0 0  |1 0  |4 0  |6 701_100000000000000_NES_1968  |7 0  |8 A  |9 195259  |a BIBARQ  |b BIBARQ  |d 2019-11-14  |i 2633485  |o 701.1 NES 1968  |p 2633485  |r 2025-01-20  |w 2019-11-14  |y BK  |k ARQ